• 首页
  • 本馆介绍
  • 公告通知
  • 最新文献
  • 馆藏检索
  • 电子资源
  • 读者导购
  • 参考咨询
  • 我的图书馆
  • 登录
  • 详细信息显示
  • 放入我的书架
  • 预约/预借图书
  • 作者相关作品
  • 分类相关作品
  • 丛书相关作品
  • 出版社相关作品

书目信息

  • 表格格式
  • 工作单格式
  • 卡片格式
题名:
水密连接器理论及应用
    
 
作者: 何立岩 , 李智刚 著
分册:  
出版信息: 北京   科学出版社  2020
页数: 11,180页
开本: 24cm
丛书名: 海洋机器人科学与技术丛书
单 册:
中图分类: TM503
科图分类:
主题词: 水下连接器
电子资源:
ISBN: 978-7-5088-5824-1
000 01146nam0 2200289 450
001 2252853820
005 20220930144111.39
010    @a978-7-5088-5824-1@b精装@dCNY98.00
100    @a20210201d2020 em y0chiy50 ea
101 0  @achi
102    @aCN@b110000
105    @aa z 001yy
200 1  @a水密连接器理论及应用@9shui mi lian jie qi li lun ji ying yong@f何立岩,李智刚等著
210    @a北京@c科学出版社@c龙门书局@d2020
215    @a11,180页@c图@d24cm
225 1  @a海洋机器人科学与技术丛书@f封锡盛,李硕主编
300    @a“十三五”国家重点出版物出版规划项目 国家出版基金项目
312    @a封面英文题名:Theory and application of watertight connectors
330    @a本书对海洋机器人常用的水密连接器的分类、结构、工作原理及典型应用等诸多方面进行了论述;同时,对其他通用部件(如水下摄像机、水下照明灯、水下云台及补偿器)进行了简要介绍。
461  0 @12001 @a海洋机器人科学与技术丛书
510 1  @aTheory and application of watertight connectors@zeng
606 0  @a水下连接器
690    @aTM503@v5
701  0 @a何立岩@9he li yan@4著
701  0 @a李智刚@9li zhi gang@4著
801  0 @aCN@b91MARC@c20210224
905    @aZUCC@dTM503@e1
    
    水密连接器理论及应用/何立岩,李智刚等著.-北京:科学出版社:龙门书局,2020
    11,180页:图;24cm.-(海洋机器人科学与技术丛书/封锡盛,李硕主编)
    “十三五”国家重点出版物出版规划项目 国家出版基金项目
    
    ISBN 978-7-5088-5824-1(精装):CNY98.00
    本书对海洋机器人常用的水密连接器的分类、结构、工作原理及典型应用等诸多方面进行了论述;同时,对其他通用部件(如水下摄像机、水下照明灯、水下云台及补偿器)进行了简要介绍。
●
相关链接 在五车中查询图书 在当当中查询图书 在豆瓣中查询图书


正题名:水密连接器理论及应用     索取号:TM503/1         预约/预借

序号 登录号 条形码 馆藏地/架位号 状态 备注
1 2000908684   2000908684   第三书库/ [索取号:TM503/1] 在馆    
2 2000908685   2000908685   第三书库/ [索取号:TM503/1] 在馆    
3 2000908686   2000908686   第三书库/ [索取号:TM503/1] 在馆    
山东省滨州职业学院图书馆 欢迎您!
大连网信软件有限公司© 版权所有